Right of access timetable released (Record no. 117282)
[ view plain ]
| 000 -LEADER | |
|---|---|
| fixed length control field | 01171cam a2200217 4500 |
| 001 - CONTROL NUMBER | |
| control field | WB4017-06 |
| 008 - FIXED-LENGTH DATA ELEMENTS--GENERAL INFORMATION | |
| fixed length control field | 040505n2004 000 0 eng u |
| 035 ## - SYSTEM CONTROL NUMBER | |
| System control number | (Sirsi) u126085 |
| 245 ## - TITLE STATEMENT | |
| Title | Right of access timetable released |
| 260 ## - PUBLICATION, DISTRIBUTION, ETC. | |
| Date of publication, distribution, etc. | 2004 |
| 490 ## - SERIES STATEMENT | |
| Series statement | DEFRA News Release |
| Volume/sequential designation | (163/04) 29 April 2004 (2) |
| 520 ## - SUMMARY, ETC. | |
| Summary, etc. | A regional timetable has been announced which will enable the public to roam previously off-limits countryside. Under the Countryside and Rights of Way Act 2000 the process of allowing this access is being introduced in a rolling programme, rather than waiting for mapping and appeals processes to be completed. The first two areas to be opened are the southeast and the lower northwest on 19 September 2004, coinciding with National Walking Day. The last area will be the east of England in November 2005. More information is available at http://www.openaccess.gov.uk. http://www.defra.gov.uk/news/2004/040429c.htm |
| 590 ## - LOCAL NOTE (RLIN) | |
| Local note | WB |
| 590 ## - LOCAL NOTE (RLIN) | |
| Local note | WB |
| 650 ## - SUBJECT ADDED ENTRY--TOPICAL TERM | |
| Topical term or geographic name entry element | COUNTRYSIDE AND RIGHTS OF WAY ACT 2000 |
| 650 ## - SUBJECT ADDED ENTRY--TOPICAL TERM | |
| Topical term or geographic name entry element | RIGHTS OF WAY |
| 650 ## - SUBJECT ADDED ENTRY--TOPICAL TERM | |
| Topical term or geographic name entry element | RIGHT TO ROAM |
| 650 ## - SUBJECT ADDED ENTRY--TOPICAL TERM | |
| Topical term or geographic name entry element | PUBLIC ACCESS |
| 690 ## - LOCAL SUBJECT ADDED ENTRY--TOPICAL TERM (OCLC, RLIN) | |
| Topical term or geographic name as entry element | ENVIRONMENT-MANAGEMENT |
| 942 ## - ADDED ENTRY ELEMENTS (KOHA) | |
| Suppress in OPAC | 0 |
| Withdrawn status | Lost status | Source of classification or shelving scheme | Damaged status | Not for loan | Home library | Current library | Shelving location | Date acquired | Total Checkouts | Full call number | Barcode | Date last seen | Copy number | Price effective from | Koha item type |
|---|---|---|---|---|---|---|---|---|---|---|---|---|---|---|---|
| Dewey Decimal Classification | London | London | Journal article | 05/05/2004 | WB4017-06 | 126085-1001 | 06/08/2019 | 1 | 06/08/2019 | Journal article |